| 000 | 01590nam2a22002531 4500 | ||
|---|---|---|---|
| 001 | rc\4839005 | ||
| 005 | 20250613014021.0 | ||
| 021 |
_aRU _bРг6586-60 |
||
| 035 | _a(NLR Aleph) 008892432 | ||
| 090 |
_a8650954 _c8650954 |
||
| 100 | _a20130426d1960 |||y0rusy50 ca | ||
| 101 | 0 | _arus | |
| 102 | _aRU | ||
| 105 | _aa z ||||| | ||
| 200 | 1 |
_aНормативы по режимам резания металлов инструментами из твердых сплавов для металлообрабатывающих предприятий МСЭС _e(Мелкосерийное и серийное производство) |
|
| 210 |
_d1960 _aБ. м. |
||
| 215 |
_a151 с. _cчерт. |
||
| 300 | _aОтпеч. множит. аппаратом | ||
| 461 | 0 |
_1001rc\4839004 _12001#$aТехнические нормативы по труду для промышленных предприятий$eВып. 1-$fМ-во строительства электростанций СССР. Отд. труда и зар. платы. Центр. нормативно-исслед. бюро$vВып. 1 _98650951 _cМосква _d1960 _fМ-во строительства электростанций СССР. Отд. труда и зар. платы. Центр. нормативно-исслед. бюро _nГосэнергоиздат _oВып. 1- _tТехнические нормативы по труду для промышленных предприятий _vВып. 1 |
|
| 801 | 0 |
_aRU _bNLR _gpsbo |
|
| 801 | 1 |
_aRU _bELAR _2rusmarc |
|
| 852 |
_aNLR _jПт 36/14 |
||
| 942 | _cBOOK | ||
| 980 | _aNB | ||